Statistiques concernant Hunter x Hunter - Tout genre - difficile

Cliquez ici pour prendre le quiz!

Statistiques générales

  • Ce quiz a été pris 277 fois
  • Le résultat moyen est 10 sur 30

Statistiques - réponses

QuestionsRéponses% Correct
Combien y a-t-il de membres dans la garde rapprochée du roi ?3 membres
97%
Comment s'appelle la tante de Gon ?Tante Mito
92%
Combien y a-t-il de numéro dans crazy slot (la roulette de Kaito)9 numéros
89%
Combien Kirua a-t-il de frère et sœur ?3 garçons et une fille
88%
Quel est le numéro de Feitan dans la brigade fantôme ?numéro 2
88%
Où se trouve le symbole d'araignée d'Uvogin ?Dans le dos
73%
Quel était le numéro de Tompa durant la 287ème session d'examen Hunter ?numéro 16
40%
Comment s'appelle l'auteur ?Yoshihiro Togashi
37%
Combien y a-t-il d'épisode dans la série de 2011 ?148 épisodes
35%
Combien y avait-il de tome en juin 2023 ?38 tomes
33%
Quel est le nom de famille d'Hisoka ?Morow
31%
À quelle pierre Biscuit a-t-elle comparé Gon durant l'arc de Greed Island ?Diamant brute
30%
Comment s'appelle le premier soldat chimera ants à être doté de la parole ?Koruto
26%
Comment s'appelle le générique de la série de 2011 ?Departure
25%
Comment s'appelle la ville des sorts dans Greed Island ?Masadora
25%
Quelle est la dernière bête de l'ombre à mourir ?Fukurō / La chouette
21%
Comment s'appelle la mère de Kirua ?Kikyo Zoldyck
19%
Qui est le 14ème président de l'association des Hunter ?Cheadle Yorkshire
15%
Comment s'appelle la technique de nen de Bonorenof ?Battle Cantabile / Jupiter
13%
Comment s'appelle le livre de Kuroro ?Skill Hunter
13%
Combien y a-t-il d'étage dans la tour céleste ?251 étages
12%
Comment s'appelle le tigre des Zodiaque ?Kanzai
11%
Comment s'appelle le prisonnier qui affronte Kurapika dans la tour aux astuces ?Majitani
11%
Quel était le numéro de Kirua durant la 288ème session d'examen Hunter (à 5 près)numéro 1219
9%
Comment s'appelle la chaîne de Kurapika qui lui permet de se soigner très rapidement ?Holly Chain
8%
Comment s'appelle l'exorciste qui aide Kuroro à récupérer l'usage de son nen ?Abengane
6%
Comment s'appelait le numéro 4 de la brigade fantôme avant Hisoka ?Omokage
6%
À combien d'années de prison Jonès était-il condamné avant de mourir ?968 ans
3%
Qui possède la capacité de nen Silent Worker ?Kesû
3%
À quelle altitude s'élève Kukuru mountain, la résidence des Zoldick ?3722 mètres
2%

Distribution des résultats

Percentile par nombre de réponses

% des personnes avec chaque résultat

Votre développement - résultats

Vous n’avez pas pris ce quiz